[Event "5th Koge Open Master1 2024"]
[Site "Koge"]
[Date "2024.07.11"]
[Round "6"]
[White "Frisk, Ellinor"]
[Black "Haarh, Simon Bjork"]
[Result "0-1"]
[WhiteElo "2164"]
[BlackElo "2069"]
[PlyCount "78"]
[EventDate "2024.07.09"]
[EventType "tourn"]
[EventRounds "9"]
[EventCountry "DEN"]
[SourceTitle "Live v. Koge Skakklub"]

1. Nf3 Nf6 2. c4 g6 3. Nc3 Bg7 4. g3 O-O 5. Bg2 d6 6. O-O Nbd7 7. d3 e5 8. b4 h6 9. Rb1 c6 10. b5 d5 11. bxc6 bxc6 12. cxd5 cxd5 13. Nb5 a6 14. Nd6 e4 15. dxe4 dxe4 16. Nd4 Nc5 17. Bf4 Bg4 18. Qc2 Ne6 19. Nc6 Nxf4 20. Nxd8 Nxe2+ 21. Kh1 Raxd8 22. Nxe4 Nxe4 23. Qxe4 Rd4 24. Qc6 Rd2 25. Rb7 Be6 26. a4 a5 27. Ra7 Bc3 28. Ra8 Rxa8 29. Qxa8+ Kg7 30. h4 h5 31. Bf3 Bh3 32. Re1 Nd4 33. Re8 Nxf3 34. Rg8+ Kh7 35. Qxf3 Kxg8 36. Qxc3 Rd5 37. Qc6 Be6 38. Qa8+ Kh7 39. f3 Rf5 0-1

[Event "5th Koge Open Master1 2024"]
[Site "Koge"]
[Date "2024.07.11"]
[Round "6"]
[White "Pedersen, Henrik Dahl"]
[Black "Iskos, Lukas"]
[Result "1-0"]
[WhiteElo "2235"]
[BlackElo "2003"]
[PlyCount "133"]
[EventDate "2024.07.09"]
[EventType "tourn"]
[EventRounds "9"]
[EventCountry "DEN"]
[SourceTitle "Live v. Koge Skakklub"]

1. e4 c5 2. Nf3 Nc6 3. d4 cxd4 4. Nxd4 Nf6 5. Nc3 e5 6. Ndb5 d6 7. Nd5 Nxd5 8. exd5 Nb8 9. a4 Be7 10. Be2 O-O 11. O-O Nd7 12. b4 a6 13. Na3 b6 14. Nc4 Bb7 15. Be3 f5 16. f4 exf4 17. Bxf4 Nf6 18. a5 bxa5 19. bxa5 Nxd5 20. Bf3 Nc3 21. Qd3 Ne4 22. Nb6 Rb8 23. Nd5 Bf6 24. Nxf6+ Rxf6 25. Rfb1 Qc7 26. Rb6 Re8 27. Qb3+ Rf7 28. Rb1 Ba8 29. Rb8 Qa7+ 30. Be3 Qxb8 31. Qxb8 Rxb8 32. Rxb8+ Rf8 33. Rb6 Kf7 34. Rxa6 Rb8 35. Bb6 Bd5 36. Ra7+ Rb7 37. Be2 Ke6 38. Rxb7 Bxb7 39. a6 Ba8 40. Bd4 g6 41. Bc4+ d5 42. Bb5 Nd6 43. Ba4 Ne4 44. Kf1 Kd6 45. Ke2 Ke6 46. Ke3 Kd6 47. g3 Ke6 48. Kd3 Kd6 49. Bb5 Nc5+ 50. Kc3 Ne4+ 51. Kb4 g5 52. Ba7 Ke5 53. Bb8+ Kd4 54. Bd7 Ke3 55. Bc8 f4 56. gxf4 gxf4 57. Bb7 f3 58. c3 d4 59. Ba7 Nxc3 60. Bxa8 Ne4 61. Bc6 f2 62. Bb5 Nc3 63. Bf1 Ne4 64. Bxd4+ Kxd4 65. a7 Nd2 66. a8=Q Nxf1 67. Qa1+ 1-0

[Event "5th Koge Open Master1 2024"]
[Site "Koge"]
[Date "2024.07.12"]
[Round "7"]
[White "Iskos, Lukas"]
[Black "Saravana, Vedant Kumar"]
[Result "1/2-1/2"]
[WhiteElo "2003"]
[BlackElo "2008"]
[PlyCount "84"]
[EventDate "2024.07.09"]
[EventType "tourn"]
[EventRounds "9"]
[EventCountry "DEN"]
[SourceTitle "Live v. Koge Skakklub"]

1. d4 d5 2. Nf3 Nf6 3. c4 c6 4. e3 e6 5. b3 Nbd7 6. Bd3 Bd6 7. Bb2 b6 8. Qc2 Bb7 9. O-O O-O 10. Nc3 c5 11. cxd5 exd5 12. Rad1 Qe7 13. Rfe1 Ne4 14. dxc5 Ndxc5 15. Be2 Rad8 16. b4 Nxc3 17. Qxc3 Ne6 18. a3 Rc8 19. Qb3 Ng5 20. Nxg5 Qxg5 21. Bf3 Rfd8 22. g3 Be7 23. Rd2 Rd6 24. Red1 Rcd8 25. Rc2 R6d7 26. Bg2 Bf6 27. Rcd2 Bxb2 28. Qxb2 Qe7 29. Qd4 Bc6 30. h4 g6 31. Kh2 Rd6 32. Qf4 Qf6 33. Qxf6 Rxf6 34. f4 Re8 35. Re1 Rfe6 36. Rd3 d4 37. Bxc6 Rxc6 38. Rxd4 Rc3 39. e4 Rxa3 40. e5 Rc8 41. Re2 Rcc3 42. Rg2 Re3 1/2-1/2

[Event "5th Koge Open Master1 2024"]
[Site "Koge"]
[Date "2024.07.12"]
[Round "7"]
[White "Meskenas, Paulius"]
[Black "Larsen, Ulrik"]
[Result "1-0"]
[WhiteElo "2168"]
[BlackElo "1979"]
[PlyCount "41"]
[EventDate "2024.07.09"]
[EventType "tourn"]
[EventRounds "9"]
[EventCountry "DEN"]
[SourceTitle "Live v. Koge Skakklub"]

1. e4 c5 2. Nf3 e6 3. d4 cxd4 4. Nxd4 Nc6 5. Nb5 d6 6. Be3 Nf6 7. N1c3 a6 8. Nd4 Be7 9. a4 O-O 10. Be2 Qc7 11. Nb3 b6 12. O-O Bb7 13. f4 Rfd8 14. Bd3 d5 15. e5 Ne4 16. Bxe4 dxe4 17. Qe2 Nb4 18. Qf2 Bc5 19. Nxc5 bxc5 20. Bxc5 Nxc2 21. Bd6 1-0

[Event "5th Koge Open Master1 2024"]
[Site "Koge"]
[Date "2024.07.12"]
[Round "7"]
[White "Koch Mueller, Oscar"]
[Black "Frisk, Ellinor"]
[Result "1/2-1/2"]
[WhiteElo "2034"]
[BlackElo "2164"]
[PlyCount "52"]
[EventDate "2024.07.09"]
[EventType "tourn"]
[EventRounds "9"]
[EventCountry "DEN"]
[SourceTitle "Live v. Koge Skakklub"]

1. d4 Nf6 2. c4 c5 3. d5 a6 4. Nc3 b5 5. cxb5 axb5 6. Nxb5 e6 7. Nc3 exd5 8. Nxd5 Bb7 9. Nxf6+ Qxf6 10. Nf3 Be7 11. g3 Qe6 12. Bg2 Rxa2 13. Rxa2 Qxa2 14. O-O O-O 15. Bf4 Qxb2 16. Qd3 Ba6 17. Qe3 Nc6 18. Nd2 Qd4 19. Rc1 Qxe3 20. Bxe3 Bxe2 21. Bxc5 Bxc5 22. Rxc5 Rc8 23. Bh3 Rd8 24. Bxd7 Rxd7 25. Rxc6 h6 26. Rc2 Bd1 1/2-1/2

[Event "5th Koge Open Master1 2024"]
[Site "Koge"]
[Date "2024.07.12"]
[Round "7"]
[White "Andersen, Lars Christoff"]
[Black "Pedersen, Henrik Dahl"]
[Result "0-1"]
[WhiteElo "1976"]
[BlackElo "2235"]
[PlyCount "172"]
[EventDate "2024.07.09"]
[EventType "tourn"]
[EventRounds "9"]
[EventCountry "DEN"]
[SourceTitle "Live v. Koge Skakklub"]

1. Nf3 Nf6 2. c4 e6 3. g3 b6 4. Bg2 Bb7 5. O-O c5 6. Nc3 Be7 7. d4 cxd4 8. Qxd4 O-O 9. Rd1 d6 10. b3 Nbd7 11. Ba3 Nc5 12. Rac1 h6 13. Ne1 Bxg2 14. Nxg2 Qc8 15. f3 Rd8 16. e4 Qb7 17. Ne3 Rac8 18. Bb2 Ncd7 19. Rf1 Ne5 20. h3 a6 21. a4 Ned7 22. Rce1 Nc5 23. b4 Ncd7 24. Re2 Nf8 25. f4 a5 26. bxa5 bxa5 27. Ba1 N8d7 28. Rb1 Qa8 29. Kh2 Nc5 30. Nf1 Ne8 31. Nd2 Bf6 32. Qe3 Qc6 33. Rb5 Ra8 34. Re1 Nc7 35. e5 Be7 36. exd6 Bxd6 37. Nde4 Nxe4 38. Rb6 Qxc4 39. Qxe4 Qxe4 40. Nxe4 Bb4 41. Re2 Nd5 42. Rc6 Ne7 43. Rc7 Nf5 44. Rc4 Rd3 45. g4 Ne3 46. Rd4 Ra3 47. Bb2 Ra2 48. Ng3 Nd5 49. f5 Ra6 50. Kg2 Rxa4 51. Kf3 Ra2 52. fxe6 fxe6 53. Nh5 Bf8 54. Rde4 Rb6 55. Bd4 Rxe2 56. Rxe2 Ra6 57. h4 a4 58. g5 hxg5 59. hxg5 a3 60. Nf4 Nxf4 61. Kxf4 a2 62. Ba1 g6 63. Rc2 Ra4+ 64. Kf3 Ra8 65. Rc7 Ra5 66. Kg4 e5 67. Rc6 Kh7 68. Rc7+ Bg7 69. Rb7 Kg8 70. Rb8+ Bf8 71. Rb6 Ra4+ 72. Kg3 Be7 73. Rxg6+ Kf7 74. Rb6 Bxg5 75. Kf3 Bf6 76. Ke2 Ra5 77. Rc6 Kg6 78. Kd2 Kf5 79. Kc2 Bg5 80. Kb3 Be3 81. Rc2 Bd4 82. Rc1 Bxa1 83. Rxa1 e4 84. Kc2 Kf4 85. Kd2 e3+ 86. Ke2 Ke4 0-1

[Event "5th Koge Open Master1 2024"]
[Site "Koge"]
[Date "2024.07.13"]
[Round "8"]
[White "Koch Mueller, Oscar"]
[Black "Saravana, Vedant Kumar"]
[Result "1/2-1/2"]
[WhiteElo "2034"]
[BlackElo "2008"]
[PlyCount "87"]
[EventDate "2024.07.09"]
[EventType "tourn"]
[EventRounds "9"]
[EventCountry "DEN"]
[SourceTitle "Live v. Koge Skakklub"]

1. d4 d5 2. c4 c6 3. Nc3 Nf6 4. e3 e6 5. Nf3 Nbd7 6. Qc2 Bd6 7. g4 dxc4 8. Bxc4 Nd5 9. Ne4 Bb4+ 10. Bd2 Qe7 11. O-O-O b5 12. Bxd5 cxd5 13. Qc6 Rb8 14. Bxb4 Qxb4 15. Nc5 O-O 16. Kb1 Nxc5 17. a3 Qc4 18. Qxc5 f6 19. Rd2 Qxc5 20. dxc5 e5 21. h3 Be6 22. b4 Rfc8 23. Kb2 Ra8 24. Rc1 a5 25. bxa5 Rxa5 26. c6 Rc7 27. Rc5 Kf8 28. Ne1 Ra6 29. Rdc2 Ke7 30. Nd3 Rb6 31. Kc3 Rbxc6 32. Kb4 Kd6 33. Rxc6+ Rxc6 34. Rc5 e4 35. Rxc6+ Kxc6 36. Nc5 Bc8 37. Nb3 Bd7 38. Nd4+ Kb6 39. Ne2 Kc6 40. Nd4+ Kb6 41. Ne2 Kc6 42. Nd4+ Kb6 43. Ne2 Kc6 44. Nd4+ 1/2-1/2

[Event "5th Koge Open Master1 2024"]
[Site "Koge"]
[Date "2024.07.13"]
[Round "8"]
[White "Haarh, Simon Bjork"]
[Black "Larsen, Ulrik"]
[Result "1-0"]
[WhiteElo "2069"]
[BlackElo "1979"]
[PlyCount "125"]
[EventDate "2024.07.09"]
[EventType "tourn"]
[EventRounds "9"]
[EventCountry "DEN"]
[SourceTitle "Live v. Koge Skakklub"]

1. e4 c5 2. Nf3 d6 3. d4 cxd4 4. Nxd4 Nf6 5. Nc3 g6 6. Be3 Bg7 7. f3 O-O 8. Qd2 Nc6 9. Bc4 Bd7 10. Bb3 Qa5 11. O-O-O Rfc8 12. Kb1 Ne5 13. h4 Nc4 14. Bxc4 Rxc4 15. Nb3 Qc7 16. Bh6 Bxh6 17. Qxh6 Rxc3 18. bxc3 Qxc3 19. Qd2 Qe5 20. g4 a5 21. Qd4 Qb5 22. Ka1 Rc8 23. Rd2 a4 24. Nc1 Rc4 25. Qb2 Rb4 26. Nb3 axb3 27. cxb3 Be6 28. g5 Nd7 29. Rc1 Nc5 30. Rd4 Nd3 31. Rxb4 Qxb4 32. Qc3 Qa3 33. Rc2 Nc5 34. b4 Qxc3+ 35. Rxc3 Na6 36. b5 Nc5 37. Ra3 Kg7 38. Ra8 d5 39. Re8 d4 40. Kb2 d3 41. Rxe7 Bxa2 42. Rc7 b6 43. Rc6 Bc4 44. Kc1 Bxb5 45. Rxb6 Ba4 46. Rb4 Bc2 47. Kd2 Kf8 48. f4 Ke7 49. Kc3 Kd6 50. Kd2 Nb3+ 51. Kc3 Kc5 52. Rb7 Kc6 53. Rxf7 Nc5 54. Re7 Kb5 55. f5 gxf5 56. exf5 Na4+ 57. Kd2 Kb4 58. Rb7+ Kc4 59. g6 hxg6 60. fxg6 Nc5 61. Rc7 Kd4 62. Rxc5 Kxc5 63. h5 1-0

[Event "5th Koge Open Master1 2024"]
[Site "Koge"]
[Date "2024.07.13"]
[Round "8"]
[White "Meskenas, Paulius"]
[Black "Pedersen, Henrik Dahl"]
[Result "1-0"]
[WhiteElo "2168"]
[BlackElo "2235"]
[PlyCount "111"]
[EventDate "2024.07.09"]
[EventType "tourn"]
[EventRounds "9"]
[EventCountry "DEN"]
[SourceTitle "Live v. Koge Skakklub"]

1. e4 e5 2. Nf3 Nc6 3. d4 exd4 4. Nxd4 Nf6 5. Nxc6 bxc6 6. e5 Nd5 7. c4 Nb6 8. Nc3 d5 9. exd6 Bxd6 10. Be3 Qe7 11. Qf3 O-O 12. Bd3 Be6 13. Qxc6 Nd7 14. Qf3 Ne5 15. Qe2 Nxd3+ 16. Qxd3 Rfd8 17. Qe2 f5 18. Bg5 Qxg5 19. Qxe6+ Kh8 20. O-O Rab8 21. b3 Qf4 22. g3 Qf3 23. Rac1 Bc5 24. Nd5 Rd6 25. Qf7 Rg6 26. Rc3 Qh5 27. Qxc7 Bd6 28. Qd7 Qh3 29. Re1 Rf8 30. Re8 Rh6 31. Rxf8+ Bxf8 32. Qxa7 Qxh2+ 33. Kf1 Qh1+ 34. Ke2 Re6+ 35. Re3 Rxe3+ 36. Qxe3 Qb1 37. Qe8 Qxa2+ 38. Kf1 Qb1+ 39. Kg2 Qe4+ 40. Qxe4 fxe4 41. b4 Kg8 42. b5 Kf7 43. b6 Ke6 44. b7 Bd6 45. Nb4 Kd7 46. Na6 Kc6 47. b8=Q Bxb8 48. Nxb8+ Kc5 49. Kf1 Kxc4 50. Ke2 Kd4 51. Nc6+ Kd5 52. Ne7+ Ke6 53. Nc8 h5 54. Ke3 Ke5 55. Nb6 g5 56. Nc4+ 1-0

[Event "5th Koge Open Master1 2024"]
[Site "Koge"]
[Date "2024.07.13"]
[Round "8"]
[White "Iskos, Lukas"]
[Black "Andersen, Lars Christoff"]
[Result "1-0"]
[WhiteElo "2003"]
[BlackElo "1976"]
[PlyCount "117"]
[EventDate "2024.07.09"]
[EventType "tourn"]
[EventRounds "9"]
[EventCountry "DEN"]
[SourceTitle "Live v. Koge Skakklub"]

1. d4 e6 2. Nf3 d5 3. Bf4 Nf6 4. e3 Be7 5. Bd3 b6 6. Nbd2 Bb7 7. c3 Nbd7 8. O-O O-O 9. Qe2 c5 10. Rad1 a5 11. h3 a4 12. a3 Qc8 13. Ne5 Ne4 14. f3 Nxd2 15. Rxd2 Nxe5 16. Bxe5 Ba6 17. e4 cxd4 18. cxd4 Bxd3 19. Qxd3 Qc4 20. Qxc4 dxc4 21. d5 Bc5+ 22. Bd4 Bxd4+ 23. Rxd4 exd5 24. Rxd5 Rfc8 25. Rc1 Rc6 26. Rb5 Rb8 27. Kf2 Kf8 28. Ke3 Rd8 29. Rc3 Rd1 30. Rb4 Re1+ 31. Kf2 Rb1 32. Rc2 c3 33. bxc3 Rxb4 34. axb4 a3 35. Ke3 a2 36. Rxa2 Rxc3+ 37. Kd4 Rc6 38. Kd5 Rg6 39. e5 h5 40. g4 hxg4 41. hxg4 Rh6 42. Ra8+ Ke7 43. Ra7+ Ke8 44. Rb7 g5 45. b5 Rh3 46. Ke4 Rh6 47. Kf5 Re6 48. Rc7 Rg6 49. Ke4 Re6 50. Kd5 Rh6 51. Rc6 Rh3 52. Ke4 Rh1 53. Rxb6 Re1+ 54. Kd4 Rd1+ 55. Kc5 Re1 56. Kd6 Rd1+ 57. Kc7 Re1 58. Rc6 Rxe5 59. b6 1-0

[Event "5th Koge Open Master1 2024"]
[Site "Koge"]
[Date "2024.07.14"]
[Round "9"]
[White "Andersen, Lars Christoff"]
[Black "Larsen, Ulrik"]
[Result "1/2-1/2"]
[WhiteElo "1976"]
[BlackElo "1979"]
[PlyCount "41"]
[EventDate "2024.07.09"]
[EventType "tourn"]
[EventRounds "9"]
[EventCountry "DEN"]
[SourceTitle "Live v. Koge Skakklub"]

1. Nf3 Nf6 2. c4 g6 3. Nc3 Bg7 4. g3 O-O 5. Bg2 d6 6. O-O Nc6 7. d3 e5 8. Rb1 Be6 9. Ng5 Bd7 10. b4 Qc8 11. a4 h6 12. Nge4 Nxe4 13. Bxe4 f5 14. Bg2 Ne7 15. b5 f4 16. Nd5 Nxd5 17. Bxd5+ Be6 18. Be4 Bf5 19. Bd5+ Be6 20. Be4 Bf5 21. Bd5+ 1/2-1/2

[Event "5th Koge Open Master1 2024"]
[Site "Koge"]
[Date "2024.07.14"]
[Round "9"]
[White "Iskos, Lukas"]
[Black "Frisk, Ellinor"]
[Result "0-1"]
[WhiteElo "2003"]
[BlackElo "2164"]
[PlyCount "48"]
[EventDate "2024.07.09"]
[EventType "tourn"]
[EventRounds "9"]
[EventCountry "DEN"]
[SourceTitle "Live v. Koge Skakklub"]

1. d4 d5 2. c4 c6 3. Nf3 Nf6 4. Nc3 dxc4 5. a4 Bf5 6. Ne5 Qc7 7. f3 Nbd7 8. Nxc4 e5 9. dxe5 Nxe5 10. e4 Be6 11. Bf4 Nd3+ 12. Qxd3 Qxf4 13. Rd1 Bb4 14. Be2 O-O 15. O-O Bc5+ 16. Kh1 Nh5 17. Qd2 Qh4 18. Qe1 Qxe1 19. Rfxe1 Nf4 20. Ne5 Rfd8 21. Bc4 Bxc4 22. Nxc4 Nd3 23. Rxd3 Rxd3 24. e5 Bb4 0-1

[Event "5th Koge Open Master1 2024"]
[Site "Koge"]
[Date "2024.07.14"]
[Round "9"]
[White "Meskenas, Paulius"]
[Black "Haarh, Simon Bjork"]
[Result "0-1"]
[WhiteElo "2168"]
[BlackElo "2069"]
[PlyCount "162"]
[EventDate "2024.07.09"]
[EventType "tourn"]
[EventRounds "9"]
[EventCountry "DEN"]
[SourceTitle "Live v. Koge Skakklub"]

1. e4 c5 2. Nf3 d6 3. d4 cxd4 4. Nxd4 Nf6 5. Nc3 a6 6. Be2 e5 7. Nb3 Be7 8. Be3 Be6 9. a4 Nbd7 10. O-O O-O 11. Qd2 Rc8 12. a5 Qc7 13. Rfd1 Rfd8 14. f3 Nc5 15. Nd5 Bxd5 16. exd5 Nh5 17. Nc1 Nf4 18. Bf1 f5 19. Bxf4 exf4 20. Qxf4 Bf6 21. c3 Rf8 22. Bd3 Be5 23. Qg5 Qf7 24. Bc2 g6 25. f4 Bf6 26. Qg3 Rce8 27. Nb3 Ne4 28. Qf3 Qc7 29. Ra4 b5 30. Raa1 b4 31. Bxe4 fxe4 32. Qe3 bxc3 33. bxc3 Qc4 34. Nd2 Qxc3 35. Qxc3 Bxc3 36. Rac1 Bd4+ 37. Kh1 Rxf4 38. Nb3 Ba7 39. g3 Rf2 40. Nd4 e3 41. Nc2 Rc8 42. Ne1 Rxc1 43. Rxc1 Bc5 44. Nd3 Rd2 45. Nxc5 e2 46. Re1 dxc5 47. Kg2 c4 48. Kf3 Rxd5 49. Rxe2 Rxa5 50. Re7 Rc5 51. Ke2 c3 52. Kd1 Rd5+ 53. Kc2 Rd2+ 54. Kxc3 Rxh2 55. Ra7 Ra2 56. Kd4 Ra5 57. Ke4 h5 58. Kf4 Rf5+ 59. Ke3 a5 60. Ke4 Rb5 61. Kf4 g5+ 62. Ke4 h4 63. gxh4 gxh4 64. Kf3 h3 65. Kf2 Rh5 66. Kg1 Kf8 67. Kh2 Ke8 68. Rg7 Kd8 69. Rf7 Kc8 70. Rg7 Kb8 71. Rf7 Rh4 72. Re7 a4 73. Rf7 Ka8 74. Re7 a3 75. Re1 a2 76. Ra1 Ra4 77. Kxh3 Kb7 78. Kg2 Kc6 79. Kf2 Kb5 80. Ke2 Kc4 81. Kd2 Kb3 0-1